000 00780nam a22001817a 4500
005 20250113160410.0
010 _aHIN-129243
020 _a9789363189102
_c175.00
035 _aHN-101589
037 _bDBAD
082 _a921
100 _aभगत सिंह
_976485
245 _aमैं नास्तिक क्यों हूँ /
_cभगत सिंह
260 _aनई दिल्ली
_bडायमंड पॉकेट बुक्स
_c2024
270 _aX-30, ओखला इंडस्ट्रियल एरिया, फेज-2
_bनई दिल्ली
_e110020
_k011-40712200
_msales@dpb.in
_mwecare@diamondbooks.in
300 _a125 पृ.
_c22 सेमी (अजिल्द)
942 _cHN
_2ddc
_h921
_mभगत
999 _c208438
_d208438